Urban India in crisis/ (Record no. 202837)

MARC details
000 -LEADER
fixed length control field 00641 a2200205 4500
005 - DATE AND TIME OF LATEST TRANSACTION
control field 20240513154059.0
010 ## - LCCN (DPL NO)
LC control number B-759017
020 ## - INTERNATIONAL STANDARD BOOK NUMBER
International Standard Book Number 8122408346
Terms of availability 0.00
035 ## - SYSTEM CONTROL NUMBER
System control number B-759017
037 ## - SOURCE OF ACQUISITION
Source of stock number/acquisition Gift/Unesco
082 ## - DEWEY DECIMAL CLASSIFICATION NUMBER
Classification number 362.50954
245 ## - TITLE STATEMENT
Title Urban India in crisis/
Statement of responsibility, etc Edited by- Kulwant Singh [and] Florian Steinberg
260 ## - PUBLICATION, DISTRIBUTION, ETC. (IMPRINT)
Place of publication, distribution, etc New Delhi
Name of publisher, distributor, etc New Age International Limited
Date of publication, distribution, etc 1996
270 ## - ADDRESS
City New Delhi
300 ## - PHYSICAL DESCRIPTION
Extent xxix, 465 p.
Dimensions 24cm (Hb)
700 ## - ADDED ENTRY--PERSONAL NAME
Personal name Kulwant Singh
9 (RLIN) 66125
700 ## - ADDED ENTRY--PERSONAL NAME
Personal name Steinberg, Florian
9 (RLIN) 66126
942 ## - ADDED ENTRY ELEMENTS (KOHA)
Institution code [OBSOLETE] dpl
Item type English Books
Source of classification or shelving scheme Dewey Decimal Classification
Classification part 362.50954
Call number suffix URB
Holdings
Withdrawn status Lost status Not for loan Collection code Home library Current library Date acquired Source of acquisition Cost, normal purchase price Full call number Barcode Copy number Cost, replacement price Koha item type Public note
      Non-fiction Vinoba Puri Vinoba Puri 13/05/2024 Gift/10.5.24 0.00 362.50954 URB B-759017 1 0.00 English Books Gift

© Delhi Public Library
Hit Counter
free hit counter